Campeones y Subcampeones de La Liga! - Estadísticas

Estadísticas generales
  • Esta prueba ha sido intentada 153 veces
  • La puntuación promedio es 49 de 50
Estadísticas de respuestas
Año Campeón % Correcto
2013/2014 Atlético de Madrid
100%
2020/2021 Atlético de Madrid
100%
Atlético de Madrid
100%
Atlético de Madrid
100%
2000/2001 Real Madrid
100%
2002/2003 Real Madrid
100%
2006/2007 Real Madrid
100%
2007/2008 Real Madrid
100%
2011/2012 Real Madrid
100%
2016/2017 Real Madrid
100%
2019/2020 Real Madrid
100%
2021/2022 Real Madrid
100%
2023/2024 Real Madrid
100%
Real Madrid
100%
Real Madrid
100%
Real Madrid
100%
Real Madrid
100%
Real Madrid
100%
Real Madrid
100%
Real Madrid
100%
Real Madrid
100%
Real Madrid
100%
Real Madrid
100%
2004/2005 FC Barcelona
99%
2005/2006 FC Barcelona
99%
2008/2009 FC Barcelona
99%
2009/2010 FC Barcelona
99%
2010/2011 FC Barcelona
99%
2012/2013 FC Barcelona
99%
2014/2015 FC Barcelona
99%
2015/2016 FC Barcelona
99%
2017/2018 FC Barcelona
99%
2018/2019 FC Barcelona
99%
2022/2023 FC Barcelona
99%
FC Barcelona
99%
FC Barcelona
99%
FC Barcelona
99%
FC Barcelona
99%
FC Barcelona
99%
FC Barcelona
99%
FC Barcelona
99%
FC Barcelona
99%
FC Barcelona
99%
2001/2002 Valencia
98%
2003/2004 Valencia
98%
1999/2000 Deportivo
96%
RC Deportivo
96%
RC Deportivo
96%
Real Sociedad
78%
Villarreal
78%
No se encontraron pruebas coincidentes
Distribución de puntuación
Porcentaje de gente con cada puntuación
Porcentaje por número respondido
Historial de tus puntuaciones
No has intentado esta prueba.